Principios de Biología celular

Saved in:
Bibliographic Details
Main Author: Dyson, Robert D
Format: Book
Language:Spanish
Published: Boston, USA Fondo Educativo Interamericano 1977
Subjects:
Tags: Add Tag
No Tags, Be the first to tag this record!

MARC

LEADER 00000nam a2200000 a 4500
001 UCG6459
003 CL-VaPUC
005 20210623001236.0
008 110428e19770000US |||||||||||||||||spa|d
999 |c 344683  |d 344681 
040 |c Pontificia Universidad Católica de Valparaíso 
082 0 4 |a 571.6 DYS 1977  |2 21 
100 0 |a Dyson, Robert D  |9 556664 
245 1 0 |a Principios de Biología celular 
260 0 3 |a Boston, USA  |b Fondo Educativo Interamericano  |c 1977 
300 |a 431 páginas 
500 |a Contiene imágenes b/n 
583 |a last modification  |c 20110428 00:00:00  |k Rodrigo Vera 
650 7 |a CELULAS EUCARIOTICAS  |2 CL-VaPUC  |9 270295 
650 7 |a CELULAS PROCARIOTICAS  |2 CL-VaPUC  |9 556665 
650 7 |a BIOQUIMICA MOLECULAR  |2 CL-VaPUC  |9 460536 
650 0 |a Sistema nervioso  |9 266815 
650 0 |a Genética  |9 259443 
650 7 |a CICLO CELULAR  |2 CL-VaPUC  |9 556666 
942 |c BK  |2 ddc 
945 |d 20110428 00:00:00  |a cmena 
952 |0 0  |1 0  |2 ddc  |4 0  |6 571_600000000000000_DYS_1977  |7 0  |8 A  |9 442817  |a BIBCUR  |b BIBCUR  |c PAC  |d 2019-11-22  |i 4768124  |o 571.6 DYS 1977  |p 4768124  |r 2025-04-22  |t 1  |w 2019-11-22  |y BK  |k BIO